00821nam a2200169 a 4500001001500000005001700015008004100032020003500073020003000108100002100138245004700159250001200206260005100218300002100269520027900290856008200569ASIN058206420120150910141827.0150910s1993 xxu eng d a0582064201 (paperback)c$44.95 a9780582064201 (paperback)1 aGilchrist, T. L.10aHeterocyclic chemistry /cT. L. Gilchrist. a2nd ed. a[S.l.] :bLongman Group United Kingdom,c1993. a416 p. ;c20 cm. aProvides an up-to-date survey of the various types of heterocyclic ring systems and describes the preparation and properties of compounds. "...a full treatment of heterocyclic chemistry, suitable for postgraduates and professionals as well as undergraduates." New Scientist.403Amazon.comuhttp://www.amazon.com/exec/obidos/ASIN/0582064201/chopaconline-20